000 00725nam a2200241Ia 4500
003 OSt
005 20220925200550.0
006 a|||||r|||| 00| 0
007 ta
008 220923b |||||||| |||| 00| 0 eng d
020 _a8170350514
037 _cGeneral Book
040 _aRTL
_cRTL
_beng
041 _2eng
_aeng
082 _aY:5.2.N9, M9
100 _aSen Rathindra P
_9257915
245 0 _aDemographic change and levels of living
_b Studies in National Development in an International Context
260 _aDelhi
_bDaya Publications
_c1989
300 _a157p
_ccm.
500 _aBibliography:P149-152
942 _hY:5.2.N9, M9
_cGB
_2CC
999 _c537050
_d537050